• 首页
  • 本馆介绍
  • 公告通知
  • 最新文献
  • 馆藏检索
  • 电子资源
  • 读者导购
  • 参考咨询
  • 我的图书馆
  • 登录
  • 详细信息显示
  • 放入我的书架
  • 预约/预借图书
  • 作者相关作品
  • 分类相关作品
  • 丛书相关作品
  • 出版社相关作品

书目信息

  • 表格格式
  • 工作单格式
  • 卡片格式
题名:
从孙子“神机妙算”谈起
    
 
作者: 华罗庚 著
分册:  
出版信息: 北京   人民教育出版社  1979
页数: 27页
开本: 19cm
丛书名: 数学小丛书
单 册:
中图分类: O1-51
科图分类:
主题词: 数学
电子资源:
ISBN:
000 00674nam0 2200229 45
001 0405211135
005 20060801172905.10
010    @dCNY0.10
091    @a13012.0243
100    @a20040521d1979 km y0chiy0120 ea
101 0  @achi
200 1  @a从孙子“神机妙算”谈起@ACong Sun Zi“Shen Ji Miao Suan”Tan Qi@f华罗庚著@FHua Luo Geng Zhu
210    @a北京@c人民教育出版社@d1979
215    @a27页@d19cm
225    @a数学小丛书@v10@f北京市数学会编
410    @12001 @a数学小丛书
410    @1700 0@a北京市数学会@ABei Jing Shi Shu Xue Hui@4编
606 0  @a数学
690    @aO1-51@v3
701  0 @a华罗庚@4著
801    @aCN@bPftUser@c20060801
905    @f1@b6844@dO1-51@e258
    
    从孙子“神机妙算”谈起/华罗庚著.-北京:人民教育出版社,1979
    27页;19cm.-(数学小丛书;10/北京市数学会编)
    
    
    ISBN :CNY0.10
    
●
相关链接 在E读中查询图书 在五车中查询图书 在当当中查询图书 在豆瓣中查询图书


正题名:从孙子"神机妙算"谈起     索取号:O1-51/258         预约/预借

序号 登录号 条形码 馆藏地/架位号 状态 备注
1 0006844   001234346   第三借阅区/ [索取号:O1-51/258] 在馆    
2 0434341   204343415   密集书库/ [索取号:O1-51/258] 在馆    
唐山师范学院图书馆 欢迎您!
大连网信软件有限公司© 版权所有